Day of doom #6 / David Baldacci.
Available copies
- 5 of 5 copies available at LARL/NWRL Consortium.
Current holds
0 current holds with 5 total copies.
View other formats and editions
Show All Copies
| Location | Call Number / Copy Notes | Barcode | Shelving Location | Status | Due Date |
|---|---|---|---|---|---|
| Greenbush Public Library | j BAL (Text) | 35500005139504 | Main | Available | - |
| Hallock Public Library | j BAL (Text) | 35500005138753 | Main | Available | - |
| Karlstad LINK Site | j BAL (Text) | 35500005139314 | Main | Available | - |
| Roseau Public Library | j BAL (Text) | 35500005139389 | Main | Available | - |
| Roseau Public Library | j BAL (Text) | 35500006912479 | Main | Available | - |
Record details
- ISBN: 9780545324168 (lib. ed.)
- ISBN: 0545324165 (lib. ed.)
- ISBN: 9780545298445
- ISBN: 054529844X
- Physical Description: 270 p. : ill. ; 20 cm.
- Edition: Library ed.
- Publisher: New York ; Scholastic, 2013.
Content descriptions
| Summary, etc.: | It started with a kidnapping. A shadowy ... Read More |
Search for related items by subject
| Genre: | Suspense fiction. Children's stories. Mystery fiction. |
Search for related items by series
| LDR | 03330cam a2200637Ia 4500 | ||
|---|---|---|---|
| 001 | 150268 | ||
| 003 | LARL_NWRL_CONSORTIUM | ||
| 005 | 20130226154608.0 | ||
| 008 | 121210s2013 nyua c 000 f eng d | ||
| 015 | . | ‡aGBB2C4874 ‡2bnb | |
| 016 | 7 | . | ‡a016229307 ‡2Uk |
| 019 | . | ‡a798060153 | |
| 020 | . | ‡a9780545324168 (lib. ed.) | |
| 020 | . | ‡a0545324165 (lib. ed.) | |
| 020 | . | ‡a9780545298445 | |
| 020 | . | ‡a054529844X | |
| 035 | . | ‡a(OCoLC)821696265 ‡z(OCoLC)798060153 | |
| 082 | 0 | 4. | ‡a813.6 ‡223 |
| 100 | 1 | . | ‡aBaldacci, David. ‡0(LARL_NWRL_CONSORTIUM)9897 |
| 245 | 1 | 0. | ‡aDay of doom ‡n#6 / ‡cDavid Baldacci. |
| 250 | . | ‡aLibrary ed. | |
| 260 | . | ‡aNew York ; ‡aLondon : ‡bScholastic, ‡c2013. | |
| 300 | . | ‡a270 p. : ‡bill. ; ‡c20 cm. | |
| 490 | 0 | . | ‡a39 clues. Cahills vs. Vespers ; ‡v6 |
| 520 | . | ‡aIt started with a kidnapping. A shadowy organization known only as the Vespers snatched seven members of the Cahill family and demanded a series of bizarre ransoms from around the world. Thirteen-year-old Dan Cahill and his older sister Amy began a global treasure hunt, determined to bring back whatever Vesper One needed, so long as it kept the hostages safe. But when they deliver the last ransom, Amy and Dan discover Vesper One's terrifying endgame. The objects he demanded are vital pieces in a Vesper plot that will harm millions of innocent people. Now the two siblings and their friends are in an all-out sprint to stop Vesper One before the whole world goes boom! | |
| 650 | 0. | ‡aOrphans ‡vJuvenile fiction. ‡0(LARL_NWRL_CONSORTIUM)166522 | |
| 650 | 0. | ‡aBrothers and sisters ‡vJuvenile fiction. ‡0(LARL_NWRL_CONSORTIUM)163775 | |
| 650 | 0. | ‡aFamilies ‡vJuvenile fiction. ‡0(LARL_NWRL_CONSORTIUM)164956 | |
| 650 | 0. | ‡aCode and cipher stories. ‡0(LARL_NWRL_CONSORTIUM)17073 | |
| 650 | 0. | ‡aGood and evil ‡vJuvenile fiction. ‡0(LARL_NWRL_CONSORTIUM)165510 | |
| 650 | 0. | ‡aAdventure stories. ‡0(LARL_NWRL_CONSORTIUM)12829 | |
| 650 | 0. | ‡aKidnapping ‡vJuvenile fiction. ‡0(LARL_NWRL_CONSORTIUM)169825 | |
| 650 | 1. | ‡aOrphans ‡vFiction. ‡0(LARL_NWRL_CONSORTIUM)166482 | |
| 650 | 1. | ‡aBrothers and sisters ‡vFiction. ‡0(LARL_NWRL_CONSORTIUM)163634 | |
| 650 | 1. | ‡aFamilies ‡vFiction. ‡0(LARL_NWRL_CONSORTIUM)164942 | |
| 650 | 1. | ‡aCiphers ‡vFiction. ‡0(LARL_NWRL_CONSORTIUM)175934 | |
| 655 | 0. | ‡aSuspense fiction. | |
| 655 | 0. | ‡aChildren's stories. | |
| 655 | 7. | ‡aMystery fiction. ‡2gsafd | |
| 901 | . | ‡a150268 ‡bOCLC ‡c150268 ‡tbiblio | |

Add to basket
Permalink
Disable Highlighting